Fluid flow : (Record no. 544966)
[ view plain ]
| 000 -LEADER | |
|---|---|
| fixed length control field | 00766mam a2200217 a 4500 |
| 020 ## - INTERNATIONAL STANDARD BOOK NUMBER | |
| International Standard Book Number | 0024049603 |
| 020 ## - INTERNATIONAL STANDARD BOOK NUMBER | |
| International Standard Book Number | 0029468507 (pbk) : |
| 082 00 - DEWEY DECIMAL CLASSIFICATION NUMBER | |
| Classification number | 620.1064 |
| Author Mark | SAB |
| -- | L-22,P-31 |
| 100 1# - MAIN ENTRY--PERSONAL NAME | |
| Personal name | Sabersky, Rolf H. |
| 9 (RLIN) | 40707 |
| 245 10 - TITLE STATEMENT | |
| Title | Fluid flow : |
| Remainder of title | a first course in fluid mechanics / |
| Statement of responsibility, etc. | Rolf H. Sabersky, Allan J. Acosta, Edward G. Hauptmann. |
| 250 ## - EDITION STATEMENT | |
| Edition statement | 3rd ed. |
| 260 ## - PUBLICATION, DISTRIBUTION, ETC. | |
| Place of publication, distribution, etc. | New York : |
| Name of publisher, distributor, etc. | Macmillan ; |
| Place of publication, distribution, etc. | London : |
| Name of publisher, distributor, etc. | Collier Macmillan, |
| Date of publication, distribution, etc. | c1989. |
| 300 ## - PHYSICAL DESCRIPTION | |
| Extent | xii, 537 p. : |
| Other physical details | ill. ; |
| Dimensions | 27 cm. |
| 526 ## - STUDY PROGRAM INFORMATION NOTE | |
| Program name | 0 |
| Interest level | 0 |
| Reading level | 0 |
| Title point value | 620_106400000000000_SAB |
| 526 ## - STUDY PROGRAM INFORMATION NOTE | |
| Program name | 0 |
| Interest level | 0 |
| Reading level | 0 |
| Title point value | 620_106400000000000_SAB |
| 526 ## - STUDY PROGRAM INFORMATION NOTE | |
| Program name | 0 |
| Interest level | 0 |
| Reading level | 0 |
| Title point value | 620_106400000000000_SAB |
| 650 #0 - SUBJECT ADDED ENTRY--TOPICAL TERM | |
| Topical term or geographic name entry element | Fluid dynamics. |
| 9 (RLIN) | 1384 |
| 700 1# - ADDED ENTRY--PERSONAL NAME | |
| Personal name | Acosta, Allan J., |
| 9 (RLIN) | 40708 |
| 700 1# - ADDED ENTRY--PERSONAL NAME | |
| Personal name | Hauptmann, Edward G. |
| 9 (RLIN) | 40709 |
| 942 ## - ADDED ENTRY ELEMENTS (KOHA) | |
| Source of classification or shelving scheme | |
| Koha item type | Book |
| Withdrawn status | Lost status | Source of classification or shelving scheme | Damaged status | Not for loan | Permanent Location | Current Location | Date acquired | Total Checkouts | Full call number | Barcode | Date last seen | Price effective from | Koha item type |
|---|---|---|---|---|---|---|---|---|---|---|---|---|---|
| Military College of Engineering (MCE) | Military College of Engineering (MCE) | 05/15/2014 | 620.1064 SAB | MCE-27204 | 05/15/2014 | 03/14/2021 | Book | ||||||
| Military College of Engineering (MCE) | Military College of Engineering (MCE) | 05/15/2014 | 620.1064 SAB | MCE-29297 | 05/15/2014 | 03/14/2021 | Book | ||||||
| Military College of Engineering (MCE) | Military College of Engineering (MCE) | 05/15/2014 | 620.1064 SAB | MCE-27203 | 05/15/2014 | 03/14/2021 | Book |
